<?xml version="1.0" encoding="UTF-8"?>
<record
    xmlns:xsi="http://www.w3.org/2001/XMLSchema-instance"
    xsi:schemaLocation="http://www.loc.gov/MARC21/slim http://www.loc.gov/standards/marcxml/schema/MARC21slim.xsd"
    xmlns="http://www.loc.gov/MARC21/slim">

  <leader>00804nam a2200193Ia 4500</leader>
  <controlfield tag="008">151121s9999||||xx |||||||||||||| ||und||</controlfield>
  <datafield tag="082" ind1=" " ind2=" ">
    <subfield code="a">814/&#x927;&#x930;&#x94D;&#x92E;&#x93E;&#x927;&#x93F;</subfield>
  </datafield>
  <datafield tag="082" ind1=" " ind2=" ">
    <subfield code="b">HNW-12508</subfield>
  </datafield>
  <datafield tag="100" ind1=" " ind2=" ">
    <subfield code="a">&#x927;&#x930;&#x94D;&#x92E;&#x93E;&#x927;&#x93F;&#x915;&#x93E;&#x930;&#x940; &#x92D;&#x93E;&#x90A; - &#x938;&#x902;&#x92A;&#x93E;&#x964;</subfield>
  </datafield>
  <datafield tag="245" ind1=" " ind2=" ">
    <subfield code="a">&#x938;&#x902;&#x92F;&#x92E; &#x915;&#x940; &#x938;&#x94D;&#x935;&#x948;&#x930;&#x93E;&#x91A;&#x93E;&#x930; &#x916;&#x902;&#x921; 2</subfield>
  </datafield>
  <datafield tag="260" ind1=" " ind2=" ">
    <subfield code="b">"&#x938;&#x941;&#x932;&#x92D; &#x930;&#x93E;&#x937;&#x94D;&#x91F;&#x94D;&#x930;&#x940;&#x92F; &#x917;&#x94D;&#x930;&#x902;&#x925;&#x92E;&#x93E;&#x932;&#x93E; , &#x92A;&#x941;&#x923;&#x947;"</subfield>
  </datafield>
  <datafield tag="260" ind1=" " ind2=" ">
    <subfield code="c">--</subfield>
  </datafield>
  <datafield tag="300" ind1=" " ind2=" ">
    <subfield code="a">138</subfield>
  </datafield>
  <datafield tag="600" ind1=" " ind2=" ">
    <subfield code="a">&#x927;&#x930;&#x94D;&#x92E;&#x93E;&#x927;&#x93F;&#x915;&#x93E;&#x930;&#x940; &#x92D;&#x93E;&#x90A; - &#x938;&#x902;&#x92A;&#x93E;&#x964;</subfield>
  </datafield>
  <datafield tag="630" ind1=" " ind2=" ">
    <subfield code="a">&#x938;&#x902;&#x92F;&#x92E; &#x915;&#x940; &#x938;&#x94D;&#x935;&#x948;&#x930;&#x93E;&#x91A;&#x93E;&#x930; &#x916;&#x902;&#x921; 2</subfield>
  </datafield>
  <datafield tag="700" ind1=" " ind2=" ">
    <subfield code="a">&#x927;&#x930;&#x94D;&#x92E;&#x93E;&#x927;&#x93F;&#x915;&#x93E;&#x930;&#x940; &#x92D;&#x93E;&#x90A; - &#x938;&#x902;&#x92A;&#x93E;&#x964;</subfield>
  </datafield>
  <datafield tag="730" ind1=" " ind2=" ">
    <subfield code="a">&#x938;&#x902;&#x92F;&#x92E; &#x915;&#x940; &#x938;&#x94D;&#x935;&#x948;&#x930;&#x93E;&#x91A;&#x93E;&#x930; &#x916;&#x902;&#x921; 2</subfield>
  </datafield>
  <datafield tag="942" ind1=" " ind2=" ">
    <subfield code="c">BOOK</subfield>
  </datafield>
  <datafield tag="999" ind1=" " ind2=" ">
    <subfield code="c">1216940</subfield>
    <subfield code="d">1216937</subfield>
  </datafield>
  <datafield tag="952" ind1=" " ind2=" ">
    <subfield code="0">0</subfield>
    <subfield code="1">0</subfield>
    <subfield code="4">0</subfield>
    <subfield code="7">0</subfield>
    <subfield code="a">HNW</subfield>
    <subfield code="b">HNW</subfield>
    <subfield code="d">2015-11-21</subfield>
    <subfield code="g">2.00</subfield>
    <subfield code="l">0</subfield>
    <subfield code="o">HNW-12508</subfield>
    <subfield code="p">HNW-12508</subfield>
    <subfield code="r">2015-11-21 00:00:00</subfield>
    <subfield code="v">2.00</subfield>
    <subfield code="w">2015-11-21</subfield>
    <subfield code="y">BOOK</subfield>
  </datafield>
</record>
